NURSE PERCEPTION ON LEADERSHIP STYLES ON SERVICE PROVISION AT SIAYA COUNTY REFFERAL HOSPITALL (Record no. 3292)

000 -LEADER
fixed length control field 00611nam a22002177a 4500
003 - CONTROL NUMBER IDENTIFIER
control field OSt
005 - DATE AND TIME OF LATEST TRANSACTION
control field 20211117072558.0
008 - FIXED-LENGTH DATA ELEMENTS--GENERAL INFORMATION
fixed length control field 211029b ||||| |||| 00| 0 eng d
020 ## - INTERNATIONAL STANDARD BOOK NUMBER
International Standard Book Number -
040 ## - CATALOGING SOURCE
Transcribing agency ALUPE UNIVERSITY COLLEGE
050 ## - LIBRARY OF CONGRESS CALL NUMBER
Classification number RT89
Item number . O68 2021
100 ## - MAIN ENTRY--PERSONAL NAME
Personal name JAPHETH OKUMU APIDI
245 ## - TITLE STATEMENT
Title NURSE PERCEPTION ON LEADERSHIP STYLES ON SERVICE PROVISION AT SIAYA COUNTY REFFERAL HOSPITALL
260 ## - PUBLICATION, DISTRIBUTION, ETC.
Place of publication, distribution, etc. SIAYA COUNTY REFFERAL HOSPITAL
Date of publication, distribution, etc. 2021
300 ## - PHYSICAL DESCRIPTION
Extent 33pgs
Other physical details ills
500 ## - GENERAL NOTE
General note -
504 ## - BIBLIOGRAPHY, ETC. NOTE
Bibliography, etc. note -
650 ## - SUBJECT ADDED ENTRY--TOPICAL TERM
Source of heading or term Nurse perception on Leadership styles
700 ## - ADDED ENTRY--PERSONAL NAME
Personal name -
942 ## - ADDED ENTRY ELEMENTS (KOHA)
Source of classification or shelving scheme
Koha item type AUC Undergraduate Projects
Suppress in OPAC PW
Holdings
Withdrawn status Lost status Source of classification or shelving scheme Damaged status Not for loan Permanent Location Current Location Shelving location Date acquired Source of acquisition Total Checkouts Full call number Barcode Date last seen Copy number Price effective from Koha item type Public note
          AU LIBRARY AU LIBRARY Open Shelf 29.10.2021 DONATED BY DR. WILLIAM OKEDI FROM DEPARTMENT OF PUBLIC HEALTH AND BEHAVERIAL SCIENCES   RT89 .O68 2021 C1 28004486 29.10.2021 C1 29.10.2021 AUC Undergraduate Projects PW
          AU LIBRARY AU LIBRARY Open Shelf 29.10.2021 DONATED BY DR. WILLIAM OKEDI FROM DEPARTMENT OF PUBLIC HEALTH AND BEHAVERIAL SCIENCES   RT89 .O68 2021 C2 28004487 29.10.2021 C2 29.10.2021 AUC Undergraduate Projects PW

Powered by Koha